Always a sister : (Record no. 14302)
[ view plain ]
| 000 -LEADER | |
|---|---|
| fixed length control field | 00560cam a2200205 a 4500 |
| 020 ## - INTERNATIONAL STANDARD BOOK NUMBER | |
| ISBN | 0935312900 (acidfree paper) : |
| 020 ## - INTERNATIONAL STANDARD BOOK NUMBER | |
| ISBN | 1558611134 (pbk. : alk. paper) |
| 040 ## - CATALOGING SOURCE | |
| Transcribing agency | DLC |
| 082 00 - DEWEY DECIMAL CLASSIFICATION NUMBER | |
| Classification number | 305 DOR 1989 A067 Or. |
| -- | B |
| 100 1# - MAIN ENTRY--AUTHOR NAME | |
| Personal name | Daniels, Doris, |
| 245 10 - TITLE STATEMENT | |
| Title | Always a sister : |
| Remainder of title | the feminism of Lillian D. Wald / |
| 300 ## - PHYSICAL DESCRIPTION | |
| Number of Pages | x, 207 pages : |
| Other physical details | illustrations ; |
| Dimensions | 24 cm |
| 500 ## - GENERAL NOTE | |
| General note | Includes indexes |
| 650 #0 - SUBJECT ADDED ENTRY--TOPICAL TERM | |
| Topical Term | Feminists |
| 650 #0 - SUBJECT ADDED ENTRY--TOPICAL TERM | |
| Topical Term | Social reformers |
| 650 12 - SUBJECT ADDED ENTRY--TOPICAL TERM | |
| Topical Term | Nurses |
| 650 12 - SUBJECT ADDED ENTRY--TOPICAL TERM | |
| Topical Term | Public Health |
| 650 22 - SUBJECT ADDED ENTRY--TOPICAL TERM | |
| Topical Term | Women's Rights |
| 942 ## - ADDED ENTRY ELEMENTS (KOHA) | |
| Koha item type | សៀវភៅភាសាអង់គ្លេស |
| 952 ## - LOCATION AND ITEM INFORMATION (KOHA) | |
| Withdrawn status [LOCAL, KOHA] | 0 |
| Permanent Location | Date acquired | Koha item type | Lost status | Shelving location | Barcode | Current Location | Full call number |
|---|---|---|---|---|---|---|---|
| Library Block A | 2017-10-12 | សៀវភៅភាសាអង់គ្លេស | A067 | A14031 | Library Block A | 305 DOR 1989 A067 Or. |